Salud laboral: conceptos y técnicas para la prevención de riesgos laborales (Registro nro. 13223)
[ vista simple ]
| 000 -Cabecera | |
|---|---|
| Campo de control de longitud fija | 01159aam a2200385 4500 |
| 005 - Fecha y hora de la última transacción | |
| Campo de control | 20250926115421.0 |
| 008 - Elementos de longitud fija--Información general | |
| Campo de control de longitud fija | 150729b1997 xxu||||| |||| 00| 0 spa d |
| 020 ## - International Standard Book Number | |
| Número Internacional Estándar del Libro (ISBN) | 8445805045 |
| 041 ## - Idioma | |
| Código de idioma | Español |
| 082 ## - Clasificación Decimal Dewey | |
| Número de clasificación | 613.62 B456s |
| 100 ## - Entrada principal--Autor personal | |
| Nombre personal | Benavides, Fernando |
| 9 (RLIN) | 8531 |
| 100 ## - Entrada principal--Autor personal | |
| Nombre personal | Ruiz Frutos, Carlos |
| 9 (RLIN) | 8528 |
| 100 ## - Entrada principal--Autor personal | |
| Nombre personal | García, Ana M |
| 9 (RLIN) | 8529 |
| 245 ## - Título propiamente dicho | |
| Título | Salud laboral: conceptos y técnicas para la prevención de riesgos laborales |
| 260 ## - Pie de imprenta | |
| Lugar de publicación, distribución, etc. | España |
| 260 ## - Pie de imprenta | |
| Nombre del editor, distribuidor, etc. | MASSON |
| 260 ## - Pie de imprenta | |
| Fecha de publicación, distribución, etc. | 1997 |
| 300 ## - Descripción física | |
| Extensión | 385 páginas |
| 490 ## - Serie | |
| Título de la Serie | Dirección de Educación Comunitaria y Asistencia Técnica |
| 490 ## - Serie | |
| Título de la Serie | Temática General |
| 650 ## - Materia general | |
| Temática (materia general) | SALUD OCUPACIONAL |
| 650 ## - Materia general | |
| Temática (materia general) | SALUD LABORAL |
| 650 ## - Materia general | |
| Temática (materia general) | GESTIÓN DE LA PREVENCIÓN |
| 650 ## - Materia general | |
| Temática (materia general) | EVALUACIÓN DE RIESGOS |
| 650 ## - Materia general | |
| Temática (materia general) | ERGONOMÍA |
| 650 ## - Materia general | |
| Temática (materia general) | VIGILANCIA DE LA SALUD LABORAL |
| 650 ## - Materia general | |
| Temática (materia general) | INTERVENCIONES PREVENTIVAS |
| 650 ## - Materia general | |
| Temática (materia general) | AUDITORÍA |
| 650 ## - Materia general | |
| Temática (materia general) | RIESGOS LABORALES |
| 650 ## - Materia general | |
| Temática (materia general) | ENFERMEDADES DE ORIGEN LABORAL |
| 650 ## - Materia general | |
| Temática (materia general) | PROTOCOLOS DE INVESTIGACIÓN |
| 650 ## - Materia general | |
| Temática (materia general) | EPIDEMIOLOGÍA LABORAL |
| 650 ## - Materia general | |
| Temática (materia general) | INVESTIGACIÓN DE ACCIDENTES |
| 942 ## - Punto de acceso adicional KOHA | |
| Tipo de ítem KOHA | Libro |
| Fuente del sistema de clasificación o colocación | Dewey Decimal Classification |
| Signatura completa | Código de barras | Programa Académico | Tipo de ítem |
|---|---|---|---|
| 613.62 B456s | 4062 | Libro |